00722nam a2200169Ia 4500008004100000041001200041082001200053100005200065245006800117260006000185300000900245536004600254942000700300999001700307952012900324952009900453211220s9999 xx 000 0 eng d aEnglish aRR.0304 aRajesh, R.uNoorul Islam UniversityvKumaracoil 2aA study of 3PL service providers in India in 2014 / cR. Rajesh aNew Delhi :bIndian Council oF Social Science Research, a76p. aIndian Council of Social Science Research cRP c27176d27176 00102ddc40718IRPaNASSDOCbNASSDOCeGifted by: RP Division ICSSRl0oRR.0304p51831r2021-12-20 00:00:00w2021-12-06yRP 00102ddc4070aNASSDOCbNASSDOCd2021-12-27l0oRR.0304r2021-12-27 00:00:00w2021-12-27yRP